000 00920nam a22002657a 4500
001 BR6005633
003 BR-BrBNA
005 20230928095844.0
007 ta
008 230509b bl.||||| |||| 00| 0 por d
040 _aBR-BrBNA
_bpor
_cBiblioteca Nacional de Agricultura
041 _a(Por)
072 _aE10; P00
090 _ E10 BR6005633
110 1 _aInstituto Nacional de Colonizacao e Reforma Agraria, Porto Alegre, RS (Brasil). Coordenadoria Regional do Rio Grande do Sul
_96442
245 1 _aLevantamento de recursos naturais, socio-economicos e institucionais do Estado do Rio Grande do Sul
_bAcordo - INCRA-IICA-Governo do Estado
260 3 _aPorto Alegre, RS (Brasil):
_c1972.
300 _a312 p.
650 _aRecurso Natural
650 _aDesenvolvimento Economico
650 _aAdministracao Publica
650 _aRio Grande do Sul
909 _a202309
_bLucia
_c55
_dLucia Elande
942 _cBK
999 _c59052
_d59052